| 000 | 00861nab a2200253uu 4500 | ||
|---|---|---|---|
| 001 | 14193 | ||
| 003 | HDC | ||
| 007 | cr aa aaaau | ||
| 008 | 210214p2006 my ||||| |||| 00| 0 eng d | ||
| 040 | _aHDC | ||
| 100 |
_aSalmi Yati Samsudin _eauthor _914791 |
||
| 245 | 0 |
_aLow-Fat Chocolate Spread Based on Palm Oil / by _cSalmi Yati Samsudin |
|
| 260 |
_aKuala Lumpur : _bMalaysian Palm Oil Board, _c2006 |
||
| 300 | _a1 online resource ( 4 pages ) | ||
| 336 |
_atext _2rdacontent |
||
| 337 |
_acomputer _2rdamedia |
||
| 338 |
_aonline resource _2rdacarrier |
||
| 650 |
_aLow-Fat Chocolate _914792 |
||
| 650 |
_aPalm Oil _9212 |
||
| 856 | _zRequest full-text at [email protected] | ||
| 942 | _2lcc | ||
| 942 | _cAR | ||
| 942 | _kJART 003385 | ||
| 999 |
_c11509 _d11509 |
||